Faculty of Law Library — Cairo University

Official Online Catalog

نظام الموظفين العام و نظام الوظائف المؤقتة : (Record no. 51773)

MARC details
000 -LEADER
fixed length control field 01341nam a22003017i 4500
003 - CONTROL NUMBER IDENTIFIER
control field EG-GICUC
005 - DATE AND TIME OF LATEST TRANSACTION
control field 20260121101525.0
008 - FIXED-LENGTH DATA ELEMENTS--GENERAL INFORMATION
fixed length control field 251219s1967 su ||||fr|||| 00| 0 ara d
040 ## - CATALOGING SOURCE
Original cataloging agency EG-GICUC
Language of cataloging ara
Transcribing agency EG-GICUC
Modifying agency EG-GICUC
Description conventions rda
041 0# - LANGUAGE CODE
Language code of text/sound track or separate title ara
082 04 - DEWEY DECIMAL CLASSIFICATION NUMBER
Edition number 21
Classification number 345.421
Item number ع ب . ن
092 04 - LOCALLY ASSIGNED DEWEY CALL NUMBER (OCLC)
Edition number 21
099 ## - LOCAL FREE-TEXT CALL NUMBER (OCLC)
Classification number Law1 07 345.421 ع ب . ن 3 ed - 1967
100 0# - MAIN ENTRY--PERSONAL NAME
Personal name عبد العزيز المهنا
Relator term مؤلف.
245 10 - TITLE STATEMENT
Title نظام الموظفين العام و نظام الوظائف المؤقتة :
Remainder of title مع عقد استخدام الموظفين الأجانب معلقا عليها بالمراسيم الملكية ، وقرارات مجلس الوزراء ، والأوامر السامية ، والتعليمات /
Statement of responsibility, etc. إعداد و تصنيف عبد العزيز المهنا.
250 ## - EDITION STATEMENT
Edition statement الطبعة الثالثة
264 #3 - PRODUCTION, PUBLICATION, DISTRIBUTION, MANUFACTURE, AND COPYRIGHT NOTICE
Place of production, publication, distribution, manufacture الرياض :
Name of producer, publisher, distributor, manufacturer معهد الإدارة العامة،
Date of production, publication, distribution, manufacture, or copyright notice 1967.
300 ## - PHYSICAL DESCRIPTION
Extent 262 ؛صفحة
Dimensions 24 سم.
336 ## - CONTENT TYPE
Source rda content
Content type term text
337 ## - MEDIA TYPE
Source rda media
Media type term Computer
338 ## - CARRIER TYPE
Source rda carrier
Carrier type term Online Resource
546 ## - LANGUAGE NOTE
Language note النص باللغة العربية
650 14 - SUBJECT ADDED ENTRY--TOPICAL TERM
Topical term or geographic name entry element الموظف العام الدولي
650 14 - SUBJECT ADDED ENTRY--TOPICAL TERM
Topical term or geographic name entry element القانون الإداري
856 40 - ELECTRONIC LOCATION AND ACCESS
Uniform Resource Identifier <a href="https://fll.law.cu.edu.eg/fulltext/bks/B07-01496.pdf">https://fll.law.cu.edu.eg/fulltext/bks/B07-01496.pdf</a>
905 ## - Cataloger and Reviser Names
Cataloger Name: Sara El-Gendy
Revisor Name: Yara
942 ## - ADDED ENTRY ELEMENTS (KOHA)
Source of classification or shelving scheme Dewey Decimal Classification
Koha item type Books
Edition 21
Suppress in OPAC No
Holdings
Withdrawn status Lost status Source of classification or shelving scheme Damaged status Not for loan Collection Home library Current library Date acquired Total checkouts Full call number Barcode Date last seen Copy number Price effective from Koha item type
    Dewey Decimal Classification   Not for loan القانون الإداري جــــامعة القــاهرة مكتبة كلية الحقوق - المبنى الرئيسي 19.12.2025   Law1 07 345.421 ع ب . ن 3 ed - 1967 0701496 C1 B07-01496 19.12.2025 1 19.12.2025 Books
    Dewey Decimal Classification     القانون الإداري جــــامعة القــاهرة مكتبة كلية الحقوق - المبنى الرئيسي 19.12.2025   Law1 07 345.421 ع ب . ن 3 ed - 1967 0701497 C2 B07-01497 19.12.2025 2 19.12.2025 Books

© All rights reserved — Faculty of Law, Cairo University